[Event "46th GRE-chT Premier 2018"]
[Site "Rio Achaia"]
[Date "2018.07.11"]
[Round "3"]
[White "Botsari, Anna-Maria"]
[Black "Cornette, Deimante"]
[Result "0-1"]
[WhiteElo "2284"]
[BlackElo "2470"]
[Annotator "TA"]
[PlyCount "70"]
[EventDate "2018.07.10"]
[EventType "team-tourn"]
[EventCountry "GRE"]
[SourceTitle "playchess.com"]
[Source "ChessBase"]
[SourceQuality "1"]

1. d4 Nf6 2. c4 e6 3. g3 c5 4. d5 exd5 5. cxd5 d6 6. Nc3 g6 7. Bg2 Bg7 8. Nf3 O-O 9. O-O Re8 10. Nd2 a6 11. a4 Nbd7 12. Nc4 Ne5 13. Nxe5 Rxe5 14. Bf4 Re8 15. a5 b5 16. axb6 Qxb6 17. Na4 Qd8 18. Re1 Ng4 19. Qd2 Rb8 20. Ra2 Rb4 21. Qc1 Bd4 22. e3 Bg7 23. e4 Bd4 24. Rf1 Qf6 25. Nc3 Nxf2 26. Rxf2 Bxf2+ 27. Kxf2 g5 28. Kg1 gxf4 29. gxf4 Kh8 30. Kh1 Rg8 31. Qf1 Qd4 32. Nd1 Qd2 33. Ra1 Bd7 34. f5 Bb5 35. Qf3 Qe1+ 0-1

[Event "46th GRE-chT Premier 2018"]
[Site "Rio Achaia"]
[Date "2018.07.11"]
[Round "3"]
[White "Hadzimanolis, Antonios"]
[Black "Milonakis, Georgios"]
[Result "0-1"]
[WhiteElo "2246"]
[BlackElo "2200"]
[Annotator "NA"]
[PlyCount "114"]
[EventDate "2018.07.10"]
[EventType "team-tourn"]
[EventCountry "GRE"]
[SourceTitle "playchess.com"]
[Source "ChessBase"]
[SourceQuality "1"]

1. e4 e5 2. Nf3 Nc6 3. Bb5 a6 4. Ba4 Nf6 5. O-O Be7 6. Re1 b5 7. Bb3 d6 8. c3 O-O 9. h3 Na5 10. Bc2 c5 11. d4 Qc7 12. Nbd2 cxd4 13. cxd4 Nc6 14. a3 exd4 15. Nb3 d3 16. Bxd3 Ne5 17. Bb1 Bb7 18. Bf4 Nfd7 19. Ba2 Rac8 20. Nbd4 Nc5 21. Bh2 g6 22. Bd5 Ncd3 23. Nxe5 Nxe5 24. a4 Qb6 25. axb5 axb5 26. Bxb7 Qxb7 27. Ra5 Rc5 28. b4 Rc3 29. Nxb5 Rd3 30. Qe2 Rb3 31. Ra7 Qb6 32. Rxe7 Nd3 33. Nxd6 Rb2 34. Nc4 Rxe2 35. Rxe2 Qxb4 36. Bd6 Qxc4 37. Rc7 Qb3 38. Bxf8 Kxf8 39. Rd2 Qb1+ 40. Kh2 Qb8 41. Rxd3 Qxc7+ 42. g3 Qc2 43. Rf3 Qxe4 44. Rf4 Qd5 45. h4 Ke7 46. Kg1 Ke6 47. Kh2 h6 48. Kg1 f5 49. Rb4 Qc6 50. Rd4 Ke5 51. Rb4 Qc5 52. Rb8 f4 53. Rb3 Qd5 54. gxf4+ Kxf4 55. Rg3 Qe4 56. Kh2 Kf5 57. Rh3 Qg4 0-1

[Event "46th GRE-chT Premier 2018"]
[Site "Rio Achaia"]
[Date "2018.07.11"]
[Round "3"]
[White "Roinos, Ilias"]
[Black "Kourousis, Epaminondas"]
[Result "0-1"]
[WhiteElo "2220"]
[BlackElo "2399"]
[Annotator "TA"]
[PlyCount "123"]
[EventDate "2018.07.10"]
[EventType "team-tourn"]
[EventCountry "GRE"]
[SourceTitle "playchess.com"]
[Source "ChessBase"]
[SourceQuality "1"]

1. e4 c6 2. d4 d5 3. exd5 cxd5 4. c4 Nf6 5. Nc3 e6 6. Nf3 Be7 7. Bd3 O-O 8. O-O dxc4 9. Bxc4 a6 10. a3 b5 11. Ba2 Bb7 12. Re1 Nc6 13. Bg5 h6 14. Bh4 Nh5 15. Bxe7 Nxe7 16. Ne5 Nf6 17. Qd3 Qb6 18. Qh3 Rad8 19. Nxf7 Rxf7 20. Bxe6 Bc8 21. Bxf7+ Kxf7 22. Qg3 Nf5 23. Qe5 Qxd4 24. Qc7+ Qd7 25. Qc5 Qd6 26. Qxd6 Rxd6 27. Rad1 Be6 28. f3 Bb3 29. Rxd6 Nxd6 30. Ne2 Be6 31. Nd4 Bd7 32. b3 Nf5 33. Nxf5 Bxf5 34. Rc1 Bd7 35. Rc7 a5 36. Kf2 a4 37. bxa4 bxa4 38. Rb7 Ke6 39. Ke3 Kd5 40. Kd3 h5 41. h4 g6 42. Rb6 Ke5 43. g3 Nd5 44. f4+ Kf5 45. Rd6 Nf6 46. Kd4 Be8 47. Ra6 Ng4 48. Rd6 Nh6 49. Rd8 Bf7 50. Ra8 Bb3 51. Ra5+ Kf6 52. Ra6+ Kf5 53. Ra5+ Kf6 54. Ra6+ Kg7 55. Ra7+ Nf7 56. Ra6 Bc2 57. Kc3 Bd1 58. Kd4 Nh6 59. Ra7+ Kf6 60. Ra6+ Kf5 61. Ra5+ Kf6 62. Ra6+ 0-1

[Event "46th GRE-chT Premier 2018"]
[Site "Rio Achaia"]
[Date "2018.07.11"]
[Round "3"]
[White "Galunova, Tsveta"]
[Black "Richterova, Natasa"]
[Result "1-0"]
[WhiteElo "2204"]
[BlackElo "2146"]
[Annotator "NA"]
[PlyCount "107"]
[EventDate "2018.07.10"]
[EventType "team-tourn"]
[EventCountry "GRE"]
[SourceTitle "playchess.com"]
[Source "ChessBase"]
[SourceQuality "1"]

1. d4 d5 2. Nf3 Nf6 3. c4 c6 4. e3 e6 5. Nc3 Nbd7 6. Qc2 Be7 7. Bd3 O-O 8. O-O h6 9. b3 b6 10. Bb2 Bb7 11. Rac1 Rc8 12. Rfd1 Qc7 13. Qe2 Qb8 14. Bb1 Rfd8 15. e4 dxe4 16. Nxe4 Nxe4 17. Qxe4 Nf8 18. c5 Rd5 19. b4 Rcd8 20. Re1 Bf6 21. Ne5 Bxe5 22. dxe5 bxc5 23. Rxc5 Rxc5 24. bxc5 Ba6 25. Bc1 Rd5 26. f4 Rxc5 27. Be3 Rc4 28. Qf3 Qb4 29. Qf2 Qa5 30. Rd1 Ra4 31. Bxa7 Bc4 32. Bb6 Qb5 33. Bc5 Bd5 34. Bd6 Qc4 35. Rf1 Qd4 36. g3 Qxf2+ 37. Rxf2 g6 38. Rb2 Kg7 39. Kf2 Nh7 40. Ke3 g5 41. a3 gxf4+ 42. gxf4 Ra7 43. h4 h5 44. Rb8 Ra5 45. Bb4 Ra7 46. Bc2 c5 47. Bxc5 Rc7 48. Kd4 f6 49. Re8 fxe5+ 50. fxe5 Rf7 51. Re7 Nf8 52. Rxf7+ Kxf7 53. Bxf8 Kxf8 54. Bd1 1-0

[Event "46th GRE-chT Premier 2018"]
[Site "Rio Achaia"]
[Date "2018.07.11"]
[Round "3"]
[White "Ladopoulos, Dimitrios"]
[Black "Kouskoutis, Georgios-Alexandros"]
[Result "1/2-1/2"]
[WhiteElo "2183"]
[BlackElo "2307"]
[Annotator "NA"]
[PlyCount "104"]
[EventDate "2018.07.10"]
[EventType "team-tourn"]
[EventCountry "GRE"]
[SourceTitle "playchess.com"]
[Source "ChessBase"]
[SourceQuality "1"]

1. e4 c5 2. Nf3 e6 3. g3 Nc6 4. Bg2 e5 5. O-O g6 6. c3 Bg7 7. Na3 Nge7 8. Nc4 d6 9. d4 exd4 10. Bf4 O-O 11. cxd4 cxd4 12. Nxd6 Bg4 13. Nxb7 Qb6 14. Qb3 Be6 15. Qxb6 axb6 16. a3 d3 17. e5 Nd5 18. Rfd1 Ra4 19. b3 Rxf4 20. gxf4 Nxf4 21. Re1 Nxg2 22. Kxg2 Bd5 23. Kg3 Rb8 24. Nd6 Bxf3 25. Kxf3 Bxe5 26. Rxe5 Nxe5+ 27. Ke4 Ng4 28. Kf3 f5 29. h3 Ne5+ 30. Kf4 Nd7 31. Rd1 Nf6 32. Rxd3 Rd8 33. Rd4 Ra8 34. a4 Kf8 35. Nc4 Rb8 36. Ne5 Rb7 37. Rd6 Ke7 38. Rc6 Nd5+ 39. Kg5 Nc7 40. Nc4 Nd5 41. Rd6 b5 42. Rxd5 bxc4 43. bxc4 Rb4 44. Ra5 Rxc4 45. Ra7+ Ke6 46. Rxh7 Rxa4 47. Rg7 Ra3 48. Rxg6+ Ke7 49. f4 Rxh3 50. Ra6 Kf7 51. Rf6+ Kg7 52. Kxf5 Ra3 1/2-1/2

[Event "46th GRE-chT Premier 2018"]
[Site "Rio Achaia"]
[Date "2018.07.11"]
[Round "3"]
[White "Iordanidou, Zoi"]
[Black "Zimina, Olga"]
[Result "0-1"]
[WhiteElo "2060"]
[BlackElo "2411"]
[Annotator "TA"]
[PlyCount "110"]
[EventDate "2018.07.10"]
[EventType "team-tourn"]
[EventCountry "GRE"]
[SourceTitle "playchess.com"]
[Source "ChessBase"]
[SourceQuality "1"]

1. e4 c6 2. d4 d5 3. exd5 cxd5 4. Bd3 Nc6 5. c3 Nf6 6. Bf4 Bg4 7. Ne2 e6 8. O-O Bd6 9. f3 Bh5 10. Qd2 Bg6 11. Bxd6 Qxd6 12. Na3 Bxd3 13. Qxd3 O-O 14. Ng3 a6 15. Nc2 Rfc8 16. Ne3 b5 17. Rfd1 Na5 18. b3 Rc7 19. Rac1 Rac8 20. Ne2 Nd7 21. Qd2 Qb6 22. Rc2 Nb7 23. Rdc1 Nd6 24. Qd3 a5 25. Nf4 Nf6 26. Qd2 h6 27. Nd3 Nd7 28. Nb2 Qa7 29. Qf2 b4 30. cxb4 Rxc2 31. Rxc2 axb4 32. Rxc8+ Nxc8 33. Ned1 Qxa2 34. Qd2 Qxb3 35. Nd3 Ndb6 36. Nxb4 Nc4 37. Qe1 Ne7 38. Nf2 Nf5 39. Nc6 Qb6 40. Ne5 Qxd4 41. Ned3 Nb2 42. Qa1 Nxd3 43. Qxd4 Nxd4 44. Nxd3 Kf8 45. Kf2 Ke7 46. Ke3 Nf5+ 47. Kd2 Nh4 48. Ne1 Kd6 49. g3 Nf5 50. Kd3 e5 51. Kc3 h5 52. Nc2 h4 53. g4 Nd4 54. Nxd4 exd4+ 55. Kxd4 g5 0-1

[Event "46th GRE-chT Premier 2018"]
[Site "Rio Achaia"]
[Date "2018.07.11"]
[Round "3"]
[White "Georgakopoulos, Nikolaos K"]
[Black "Stamatis, Ioannis"]
[Result "1-0"]
[WhiteElo "2033"]
[BlackElo "1777"]
[Annotator "NA"]
[PlyCount "145"]
[EventDate "2018.07.10"]
[EventType "team-tourn"]
[EventCountry "GRE"]
[SourceTitle "playchess.com"]
[Source "ChessBase"]
[SourceQuality "1"]

1. e4 c6 2. d4 d5 3. e5 Bf5 4. h4 h5 5. Bd3 Bxd3 6. Qxd3 e6 7. Nf3 Nd7 8. Bg5 Ne7 9. O-O Qb6 10. Nbd2 Nf5 11. c4 Qa6 12. a3 Nb6 13. b3 Be7 14. Bxe7 Nxe7 15. Qc2 Nf5 16. c5 Nd7 17. b4 b6 18. Nb3 Qa4 19. Qc3 O-O 20. Rfc1 Rfc8 21. g3 g6 22. Ne1 bxc5 23. dxc5 Rd8 24. Nf3 Rab8 25. Re1 Nf8 26. Nfd4 Nxd4 27. Nxd4 Rdc8 28. Nb3 Nd7 29. Na5 a6 30. Reb1 Rb5 31. Nb3 Rbb8 32. Re1 Nf8 33. Kg2 Nd7 34. Qe3 Kg7 35. Nd4 a5 36. Reb1 Rb7 37. b5 Nxc5 38. bxc6 Rxb1 39. Rxb1 Rxc6 40. Nxc6 Qxc6 41. Qd4 Ne4 42. a4 Qc3 43. Qxc3 Nxc3 44. Ra1 Kf8 45. Kf1 Ke7 46. Ke1 f6 47. exf6+ Kxf6 48. Kd2 d4 49. Kd3 e5 50. f4 Kf5 51. fxe5 Kxe5 52. Re1+ Kd5 53. Re8 Nxa4 54. Rd8+ Ke5 55. Re8+ Kd5 56. Rg8 Nc5+ 57. Ke2 d3+ 58. Ke3 Kc4 59. Rxg6 a4 60. g4 hxg4 61. Rxg4+ Kc3 62. h5 d2 63. Rd4 Nb3 64. Rd8 Kc2 65. h6 a3 66. h7 a2 67. h8=Q a1=Q 68. Rxd2+ Nxd2 69. Qxa1 Nc4+ 70. Kd4 Nd2 71. Qa2+ Kc1 72. Kd3 Nb3 73. Qc2# 1-0

[Event "46th GRE-chT Premier 2018"]
[Site "Rio Achaia"]
[Date "2018.07.11"]
[Round "3"]
[White "Abelakiotis, Stavros"]
[Black "Alexakis, Dimitris"]
[Result "0-1"]
[WhiteElo "2029"]
[BlackElo "2232"]
[Annotator "NA"]
[PlyCount "120"]
[EventDate "2018.07.10"]
[EventType "team-tourn"]
[EventCountry "GRE"]
[SourceTitle "playchess.com"]
[Source "ChessBase"]
[SourceQuality "1"]

1. e4 c5 2. Nf3 Nc6 3. Bb5 g6 4. Bxc6 bxc6 5. O-O Bg7 6. Re1 Rb8 7. Nc3 e5 8. d3 Ne7 9. Rb1 O-O 10. a3 a5 11. Nd2 f5 12. exf5 gxf5 13. Nc4 Qc7 14. Na4 d5 15. Nd2 f4 16. Nxc5 Ng6 17. Kh1 f3 18. gxf3 Qe7 19. b4 Qh4 20. Rg1 Bh3 21. Rg3 axb4 22. axb4 Kh8 23. Qg1 Bf6 24. Rxh3 Qxh3 25. Qg4 Nf4 26. Ba3 Rg8 27. Qxh3 Nxh3 28. Rf1 Ra8 29. Nd7 Bh4 30. Bb2 h5 31. Bxe5+ Kh7 32. Bg3 Bg5 33. Nb3 Rg7 34. Ndc5 Re8 35. Nd4 h4 36. Kg2 hxg3 37. fxg3 Be3 38. Nce6 Nf4+ 39. Nxf4 Bxd4 40. Rb1 Be5 41. Ne2 Rb7 42. Kf2 Bd6 43. c3 Ra7 44. Rb2 Ra1 45. f4 Rd1 46. d4 Kg6 47. Rc2 Kf5 48. Kf3 Rd3+ 49. Kf2 Ree3 50. c4 Bxb4 51. cxd5 cxd5 52. Rc8 Re6 53. Rd8 Ke4 54. f5 Rf3+ 55. Kg2 Rxf5 56. g4 Rf8 57. Rd7 Re7 58. Ng3+ Kxd4 59. Nf5+ Rxf5 60. Rxe7 Bxe7 0-1

[Event "46th GRE-chT Premier 2018"]
[Site "Rio Achaia"]
[Date "2018.07.11"]
[Round "3"]
[White "Karamalis, Georgios"]
[Black "Czarnota, Pawel"]
[Result "0-1"]
[WhiteElo "2024"]
[BlackElo "2549"]
[Annotator "TA"]
[PlyCount "186"]
[EventDate "2018.07.10"]
[EventType "team-tourn"]
[EventCountry "GRE"]
[SourceTitle "playchess.com"]
[Source "ChessBase"]
[SourceQuality "1"]

1. e4 c5 2. Nf3 e6 3. d4 cxd4 4. Nxd4 a6 5. Nc3 b5 6. Be3 Bb7 7. a3 d6 8. Be2 Nf6 9. f4 Nxe4 10. Nxe4 Bxe4 11. O-O Qd7 12. f5 e5 13. f6 gxf6 14. Nf5 Qc6 15. Ng3 Bxg2 16. Rxf6 Nd7 17. Rf2 Bd5 18. b3 Rg8 19. c4 bxc4 20. bxc4 Bxc4 21. Bf3 e4 22. Bh5 Ne5 23. Rc1 Rc8 24. Bd4 Rc7 25. Bxe5 dxe5 26. Rfc2 Rd7 27. Qe1 Rd4 28. Kg2 Bxa3 29. Rb1 Ke7 30. Qa5 Bc5 31. Rb7+ Kd6 32. Rxc4 Rxc4 33. Rxf7 Rc2+ 34. Kh3 Qc8+ 35. Nf5+ Kd5 36. Bd1 Qd8 37. Qxd8+ Rxd8 38. Bxc2 e3 39. Ng3 Kc4 40. Rf1 h6 41. Ra1 Rd2 42. Bg6 Bd4 43. Rc1+ Kb4 44. Nf1 Rb2 45. Re1 a5 46. Kg4 Rg2+ 47. Kf5 a4 48. Nxe3 Rxh2 49. Ng4 Rg2 50. Nxe5 Rg5+ 51. Kf6 a3 52. Bf7 Kc3 53. Re4 Rg2 54. Kf5 a2 55. Bxa2 Rxa2 56. Nf3 Bf2 57. Kg4 Kd3 58. Re6 Ra4+ 59. Kh5 Be3 60. Ne5+ Kc3 61. Ng4 Ra5+ 62. Kh4 Bg5+ 63. Kh5 Bf4+ 64. Kh4 h5 65. Nf2 Bg5+ 66. Kh3 Kd4 67. Re4+ Kd5 68. Re2 Ra3+ 69. Kg2 h4 70. Ne4 h3+ 71. Kh1 Bf4 72. Nf6+ Kd6 73. Re1 Be5 74. Ng4 Bg3 75. Rf1 Ra2 76. Rg1 Ra3 77. Rd1+ Ke6 78. Rf1 Ra2 79. Rg1 Bf4 80. Re1+ Kf5 81. Ne3+ Kg5 82. Rg1+ Kh5 83. Nf1 Kh4 84. Rg7 Rf2 85. Kg1 Re2 86. Rd7 Kg4 87. Rh7 Be5 88. Kh1 Re1 89. Rf7 Bf4 90. Kg1 h2+ 91. Kg2 Rxf1 92. Rg7+ Kf5 93. Rh7 Rg1+ 0-1

[Event "46th GRE-chT Premier 2018"]
[Site "Rio Achaia"]
[Date "2018.07.11"]
[Round "3"]
[White "Koutsogiannopoulou, Theodora"]
[Black "Juhasz, Barbara"]
[Result "1-0"]
[WhiteElo "1852"]
[BlackElo "2227"]
[Annotator "NA"]
[PlyCount "105"]
[EventDate "2018.07.10"]
[EventType "team-tourn"]
[EventCountry "GRE"]
[SourceTitle "playchess.com"]
[Source "ChessBase"]
[SourceQuality "1"]

1. e4 c5 2. Nf3 e6 3. d4 cxd4 4. Nxd4 a6 5. c4 Nf6 6. Nc3 Qc7 7. f3 Be7 8. Be3 b6 9. Qd2 Bb7 10. Rc1 d6 11. Be2 Nbd7 12. O-O O-O 13. Rfd1 Rac8 14. Bf1 Qb8 15. Qf2 Rfe8 16. Kh1 Bd8 17. Rd2 Ne5 18. b3 d5 19. exd5 exd5 20. Nf5 g6 21. Nh6+ Kg7 22. cxd5 Nxd5 23. Rxd5 Bxd5 24. Nxd5 Rxc1 25. Bxc1 Qd6 26. Ne3 Qc5 27. Bd2 f6 28. Bxa6 Bc7 29. a4 Rd8 30. b4 Qc6 31. Bb5 Qe6 32. Nhg4 Nxg4 33. Nxg4 h5 34. Ne3 Qa2 35. Be1 Qa1 36. Kg1 Bf4 37. g3 Be5 38. Nc2 Qc1 39. Kf1 Rc8 40. Bd3 Bc3 41. Qxb6 Bxe1 42. Nxe1 Re8 43. Be2 Qb2 44. Qb5 Re5 45. Qc4 h4 46. f4 Re7 47. Kf2 hxg3+ 48. hxg3 Qd2 49. Nc2 Kh6 50. a5 Qd6 51. a6 g5 52. Qd4 Qe6 53. Bc4 1-0

[Event "46th GRE-chT Premier 2018"]
[Site "Rio Achaia"]
[Date "2018.07.11"]
[Round "3"]
[White "Tounta, Nefeli"]
[Black "Petraki, Evaggelia"]
[Result "0-1"]
[WhiteElo "1344"]
[BlackElo "1814"]
[Annotator "NA"]
[PlyCount "140"]
[EventDate "2018.07.10"]
[EventType "team-tourn"]
[EventCountry "GRE"]
[SourceTitle "playchess.com"]
[Source "ChessBase"]
[SourceQuality "1"]

1. d4 Nf6 2. c4 d6 3. Nc3 Nbd7 4. e4 e5 5. d5 Be7 6. Bd3 O-O 7. Nge2 c6 8. O-O cxd5 9. cxd5 Nc5 10. b4 Nxd3 11. Qxd3 Ne8 12. Ng3 Bg5 13. b5 g6 14. f4 exf4 15. Bxf4 Bxf4 16. Rxf4 Ng7 17. Re1 Qc7 18. Qd4 Bd7 19. e5 Rac8 20. Rf3 Qc5 21. Qxc5 dxc5 22. Nge4 Ne8 23. Nf6+ Nxf6 24. Rxf6 Rce8 25. Rd6 Re7 26. Ne4 Bxb5 27. Nxc5 b6 28. Nb3 Rfe8 29. Nd4 Bc4 30. Nc6 Rc7 31. a3 Bxd5 32. Nxa7 Rxa7 33. Rxd5 Rxa3 34. Rb5 Re6 35. Reb1 Ra6 36. Kf2 Kf8 37. Kf3 Ke7 38. Rd1 Ra5 39. Rxa5 bxa5 40. Rd5 Ra6 41. Rd3 a4 42. Ra3 Ke6 43. Ke4 Ra5 44. Kd4 Rd5+ 45. Kc3 Rxe5 46. Rxa4 Re2 47. Rg4 f5 48. Rh4 Rxg2 49. Rxh7 Re2 50. Kd3 Re5 51. h4 f4 52. Rh8 Kf7 53. Rh7+ Kg8 54. Rc7 Rh5 55. Ke4 Rxh4 56. Kf3 g5 57. Rc5 Rh3+ 58. Kg2 Rg3+ 59. Kf2 Kf7 60. Rc6 Re3 61. Rc5 Kf6 62. Kg2 Re5 63. Rc6+ Kf5 64. Kf2 g4 65. Rc3 g3+ 66. Kf3 Re3+ 67. Rxe3 fxe3 68. Kxe3 Kg4 69. Ke2 Kh3 70. Kf1 Kh2 0-1

[Event "46th GRE-chT Premier 2018"]
[Site "Rio Achaia"]
[Date "2018.07.12"]
[Round "4"]
[White "Almasi, Zoltan"]
[Black "Mastrovasilis, Dimitrios"]
[Result "1/2-1/2"]
[WhiteElo "2699"]
[BlackElo "2580"]
[Annotator "TA"]
[PlyCount "75"]
[EventDate "2018.07.10"]
[EventType "team-tourn"]
[EventCountry "GRE"]
[SourceTitle "playchess.com"]
[Source "ChessBase"]
[SourceQuality "1"]

1. e4 e5 2. Nf3 Nf6 3. Nxe5 d6 4. Nf3 Nxe4 5. Bd3 Nf6 6. O-O Be7 7. Re1 O-O 8. Bf1 Nc6 9. d4 Bg4 10. c3 Qd7 11. h3 Bh5 12. Nbd2 Rae8 13. b4 Bd8 14. Rxe8 Rxe8 15. b5 Ne7 16. a4 Ned5 17. Ra3 c6 18. c4 Nf4 19. Re3 Rxe3 20. fxe3 Ne6 21. Qb3 c5 22. Bb2 Qe7 23. Qc3 h6 24. d5 Ng5 25. Nxg5 hxg5 26. g4 Bg6 27. Kf2 Qe4 28. Nxe4 Nxe4+ 29. Kf3 Nxc3 30. Bxc3 Bc2 31. a5 Bd1+ 32. Be2 Bc2 33. e4 Bf6 34. Bxf6 gxf6 35. Ke3 b6 36. axb6 axb6 37. Bf3 Kg7 38. Be2 1/2-1/2

[Event "46th GRE-chT Premier 2018"]
[Site "Rio Achaia"]
[Date "2018.07.12"]
[Round "4"]
[White "Saric, Ivan"]
[Black "Fedorchuk, Sergey A"]
[Result "1/2-1/2"]
[WhiteElo "2689"]
[BlackElo "2626"]
[Annotator "TA"]
[PlyCount "69"]
[EventDate "2018.07.10"]
[EventType "team-tourn"]
[EventCountry "GRE"]
[SourceTitle "playchess.com"]
[Source "ChessBase"]
[SourceQuality "1"]

1. e4 e5 2. Nf3 Nc6 3. Bb5 Nf6 4. d3 Ne7 5. Nc3 c6 6. Bc4 d6 7. O-O h6 8. d4 Qc7 9. Nh4 g6 10. f4 exd4 11. Qxd4 Bg7 12. e5 dxe5 13. Bxf7+ Kxf7 14. fxe5 Rd8 15. Qf4 Be6 16. exf6 Qxf4 17. Bxf4 Bxf6 18. Be5 Bf5 19. Bxf6 Kxf6 20. Rae1 Rd4 21. Nf3 Rb4 22. Ne5 h5 23. h3 h4 24. b3 Nd5 25. a3 Rd4 26. Nf3 Rf4 27. Ne2 Re4 28. c4 Nf4 29. Ned4 Rae8 30. Rxe4 Rxe4 31. Nxf5 gxf5 32. Nd2 Rd4 33. Nf3 Re4 34. Nd2 Rd4 35. Nf3 1/2-1/2

[Event "46th GRE-chT Premier 2018"]
[Site "Rio Achaia"]
[Date "2018.07.12"]
[Round "4"]
[White "Yilmaz, Mustafa"]
[Black "Bednarek, Sylwester"]
[Result "1-0"]
[WhiteElo "2624"]
[BlackElo "2307"]
[Annotator "TA"]
[PlyCount "85"]
[EventDate "2018.07.10"]
[EventType "team-tourn"]
[EventCountry "GRE"]
[SourceTitle "playchess.com"]
[Source "ChessBase"]
[SourceQuality "1"]

1. d4 Nf6 2. c4 g6 3. Nc3 Bg7 4. e4 d6 5. Nf3 O-O 6. Be2 e5 7. O-O Na6 8. Be3 Ng4 9. Bg5 f6 10. Bh4 c6 11. c5 exd4 12. Nxd4 dxc5 13. Qb3+ Kh8 14. Ne6 Bxe6 15. Qxe6 Ne5 16. f4 Qd7 17. Qxd7 Nxd7 18. Rad1 Nb6 19. Bf2 Nc7 20. Bxc5 Rfe8 21. a4 Ne6 22. Be3 Bf8 23. a5 Nc8 24. f5 gxf5 25. Bh5 Rd8 26. exf5 Rxd1 27. Rxd1 Ng7 28. Rd8 Nb6 29. Bxb6 Rxd8 30. Bxd8 Nxh5 31. Ne4 Bb4 32. Kf2 Kg7 33. Kf3 Kf7 34. g4 Ng7 35. a6 bxa6 36. Bxf6 Ne8 37. Be5 a5 38. b3 Be7 39. g5 Bd8 40. h4 Nc7 41. h5 Nd5 42. g6+ Kg8 43. f6 1-0

[Event "46th GRE-chT Premier 2018"]
[Site "Rio Achaia"]
[Date "2018.07.12"]
[Round "4"]
[White "Banikas, Hristos"]
[Black "Nikolov, Momchil"]
[Result "1/2-1/2"]
[WhiteElo "2591"]
[BlackElo "2551"]
[Annotator "TA"]
[PlyCount "106"]
[EventDate "2018.07.10"]
[EventType "team-tourn"]
[EventCountry "GRE"]
[SourceTitle "playchess.com"]
[Source "ChessBase"]
[SourceQuality "1"]

1. d4 Nf6 2. c4 e6 3. Nf3 b6 4. g3 Bb7 5. Bg2 Be7 6. O-O O-O 7. b3 c5 8. dxc5 bxc5 9. Bb2 d6 10. Nc3 Qb6 11. Qc2 h6 12. Rad1 Rd8 13. Rd2 a6 14. Rfd1 Nc6 15. Qb1 Qc7 16. Ne1 Nd4 17. Ne4 Nxe4 18. Bxe4 Bxe4 19. Qxe4 Nf5 20. Ng2 Rab8 21. Qg4 Bf8 22. Nf4 Ne7 23. e4 e5 24. Nd5 Nxd5 25. Rxd5 Re8 26. f4 f6 27. Bc1 Kh8 28. Qg6 Qc8 29. fxe5 Rxe5 30. Bf4 Rxd5 31. Rxd5 Qe6 32. h4 Re8 33. Kf2 a5 34. Qf5 a4 35. Kf3 axb3 36. axb3 Kg8 37. Qxe6+ Rxe6 38. h5 Kf7 39. Rd2 g5 40. hxg6+ Kxg6 41. g4 Kf7 42. Rd5 Kg6 43. Bh2 Kf7 44. Bg3 Kg6 45. Be1 Re8 46. b4 cxb4 47. Bxb4 Rc8 48. Bxd6 Bxd6 49. Rxd6 Rxc4 50. e5 Kg5 51. e6 f5 52. gxf5 Kxf5 53. e7 Rf4+ 1/2-1/2

[Event "46th GRE-chT Premier 2018"]
[Site "Rio Achaia"]
[Date "2018.07.12"]
[Round "4"]
[White "Postny, Evgeny"]
[Black "Lupulescu, Constantin"]
[Result "1/2-1/2"]
[WhiteElo "2585"]
[BlackElo "2617"]
[Annotator "TA"]
[PlyCount "117"]
[EventDate "2018.07.10"]
[EventType "team-tourn"]
[EventCountry "GRE"]
[SourceTitle "playchess.com"]
[Source "ChessBase"]
[SourceQuality "1"]

1. d4 Nf6 2. c4 e6 3. Nf3 d5 4. Bg5 dxc4 5. Qa4+ Nbd7 6. e3 Be7 7. Qxc4 c5 8. Nbd2 cxd4 9. Nxd4 O-O 10. Be2 Qa5 11. Qb5 Qxb5 12. Bxb5 a6 13. Be2 Bb4 14. f3 h6 15. Bh4 Nd5 16. Bf2 e5 17. Nc2 Be7 18. O-O-O N5b6 19. e4 Nc5 20. Nc4 Nxc4 21. Bxc4 Be6 22. Bxc5 Bxc5 23. Bxe6 fxe6 24. Rd7 Rf7 25. Rhd1 Re8 26. b4 Ba7 27. R1d6 Bb8 28. Rd3 Kf8 29. Kb2 Rxd7 30. Rxd7 Re7 31. Rd8+ Re8 32. Rd7 Re7 33. Rd8+ Re8 34. Rd3 Ke7 35. Kb3 Rc8 36. a4 Ba7 37. Rc3 Rxc3+ 38. Kxc3 Kd6 39. Kc4 Bg1 40. h3 g5 41. Na3 b6 42. a5 bxa5 43. b5 axb5+ 44. Kxb5 Bd4 45. Nc4+ Kd7 46. Nxa5 h5 47. g4 h4 48. Nc6 Kd6 49. Nb4 Kd7 50. Nd3 Kd6 51. Kc4 Bb6 52. Kb5 Bd4 53. Ne1 Bf2 54. Nc2 Kd7 55. Na3 Bd4 56. Nc4 Kc7 57. Nd2 Be3 58. Nb3 Kd7 59. Na1 1/2-1/2

[Event "46th GRE-chT Premier 2018"]
[Site "Rio Achaia"]
[Date "2018.07.12"]
[Round "4"]
[White "Fier, Alexandr"]
[Black "Warmerdam, Max"]
[Result "1-0"]
[WhiteElo "2570"]
[BlackElo "2424"]
[Annotator "TA"]
[PlyCount "141"]
[EventDate "2018.07.10"]
[EventType "team-tourn"]
[EventCountry "GRE"]
[SourceTitle "playchess.com"]
[Source "ChessBase"]
[SourceQuality "1"]

1. e4 c5 2. Nf3 d6 3. d4 cxd4 4. Nxd4 Nf6 5. Nc3 a6 6. Be3 e5 7. Nb3 Be6 8. f3 Nbd7 9. Qd2 b5 10. g4 Nb6 11. g5 Nh5 12. Nd5 Nxd5 13. exd5 Bd7 14. Na5 Be7 15. O-O-O Qc7 16. Rg1 O-O 17. Bd3 g6 18. Kb1 Bd8 19. Nc6 Bxc6 20. dxc6 d5 21. c3 Qxc6 22. Bc2 Bb6 23. Bxb6 Qxb6 24. Qxd5 Rfe8 25. Bb3 Ra7 26. Rge1 Rae7 27. Rd2 Nf4 28. Qe4 a5 29. a3 Ne6 30. Bxe6 Qxe6 31. Rd5 b4 32. cxb4 axb4 33. axb4 Ra7 34. Ra5 Qd7 35. Qd5 Qf5+ 36. Ka2 Rd7 37. Qc6 Rde7 38. h4 Rc8 39. Qe4 Qe6+ 40. Qd5 Qb6 41. Re4 Rd8 42. Qc5 Qe6+ 43. Qc4 Qh3 44. Qb3 Qh1 45. Qc3 Rd1 46. Ra8+ Kg7 47. Rxe5 Ra1+ 48. Kb3 Qd1+ 49. Kc4 Rc1 50. Rxe7+ Rxc3+ 51. bxc3 Qf1+ 52. Kc5 Qf2+ 53. Kb5 Qxh4 54. Raa7 Qxg5+ 55. Ka4 Qd2 56. Rxf7+ Kh6 57. Rac7 Qa2+ 58. Kb5 Qd5+ 59. Kb6 Qe6+ 60. Ka7 Qa2+ 61. Kb8 Qa6 62. Rxh7+ Kg5 63. Rhd7 Qb6+ 64. Rb7 Qc6 65. Rd3 Qc4 66. Rbd7 Qb5+ 67. Kc7 Qa6 68. b5 Qa7+ 69. Kc6 Qa8+ 70. Kb6 Qb8+ 71. Ka5 1-0

[Event "46th GRE-chT Premier 2018"]
[Site "Rio Achaia"]
[Date "2018.07.12"]
[Round "4"]
[White "Halkias, Stelios"]
[Black "Malikentzos, Sotirios"]
[Result "1/2-1/2"]
[WhiteElo "2570"]
[BlackElo "2420"]
[Annotator "TA"]
[PlyCount "70"]
[EventDate "2018.07.10"]
[EventType "team-tourn"]
[EventCountry "GRE"]
[SourceTitle "playchess.com"]
[Source "ChessBase"]
[SourceQuality "1"]

1. Nf3 d5 2. c4 e6 3. g3 Nf6 4. Bg2 dxc4 5. Qa4+ Nbd7 6. Qxc4 a6 7. Qb3 Rb8 8. O-O Bd6 9. d3 O-O 10. Nc3 b5 11. Ng5 Bb7 12. Bxb7 Rxb7 13. Nge4 Nxe4 14. Nxe4 Nc5 15. Nxc5 Bxc5 16. Qc2 Bd4 17. Bd2 Qd5 18. e3 Bb6 19. a4 Rd8 20. axb5 axb5 21. Ba5 h5 22. Bxb6 Rxb6 23. Rac1 Rdd6 24. Qxc7 Qxd3 25. Qe7 Rb8 26. Rc7 Rf8 27. Rc5 Rd5 28. h4 g6 29. b4 Rfd8 30. Rfc1 Kg7 31. Rxd5 Rxd5 32. Qc7 Qd2 33. e4 Rd7 34. Qe5+ f6 35. Qc5 Qe2 1/2-1/2

[Event "46th GRE-chT Premier 2018"]
[Site "Rio Achaia"]
[Date "2018.07.12"]
[Round "4"]
[White "Kuljasevic, Davorin"]
[Black "Secheres, Adrian-Simion"]
[Result "1/2-1/2"]
[WhiteElo "2545"]
[BlackElo "2415"]
[Annotator "TA"]
[PlyCount "68"]
[EventDate "2018.07.10"]
[EventType "team-tourn"]
[EventCountry "GRE"]
[SourceTitle "playchess.com"]
[Source "ChessBase"]
[SourceQuality "1"]

1. d4 d5 2. c4 e6 3. Nf3 a6 4. Bg5 Be7 5. Bxe7 Qxe7 6. Nbd2 Nf6 7. e3 O-O 8. Rc1 c6 9. Bd3 Nbd7 10. Qc2 h6 11. Qc3 Re8 12. O-O e5 13. dxe5 Nxe5 14. Nxe5 Qxe5 15. Qxe5 Rxe5 16. Nf3 Re7 17. c5 Nd7 18. Nd4 Ne5 19. Rc3 Bd7 20. h3 Rae8 21. Be2 Bc8 22. Kh2 g6 23. b4 Nd7 24. a4 Nf6 25. b5 axb5 26. axb5 Ne4 27. Rc2 Bd7 28. bxc6 Bxc6 29. Bd3 Ng5 30. Ra1 Ne6 31. Rcc1 Rc8 32. Ra7 Kf8 33. Nb3 Ree8 34. Nd4 Re7 1/2-1/2